[Event "4NCL Online Division 4"]
[Site "online"]
[Date "2021.03.09"]
[EventDate "2021.03.09"]
[Round "4.111"]
[White "Lacoult, Maxime"]
[WhiteElo "1600"]
[WhiteTeam "Warwickshire Bears B"]
[Black "Beckett, Chris J"]
[BlackElo "2246"]
[BlackTeam "Woking Warriors"]
[Result "0-1"]
[PlyCount "130"]

1. b3 d5 2. Bb2 Bg4 3. h3 Bh5 4. Nf3 Bxf3 5. exf3 e6 6. g3 Nf6 7. Bg2 g6 8. O-O Bg7 9. d3 O-O 10. Nd2 a5 11. Re1 a4 12. c4 Nbd7 13. f4 axb3 14. axb3 c6 15. Rf1 Qb6 16. Nf3 Nc5 17. Bd4 Qb4 18. Bxc5 Qxc5 19. Qc2 Nh5 20. Rxa8 Rxa8 21. Kh2 Qb4 22. d4 Ra3 23. Rb1 Qb6 24. c5 Qb4 25. Qd1 Ra2 26. Kg1 Qc3 27. Ne5 Nxg3 28. fxg3 Qxg3 29. Qf3 Qh4 30. Rf1 Qd8 31. Qc3 Qa8 32. Rf2 Ra3 33. Rb2 Qa6 34. Bf1 Ra1 35. Rf2 Qa3 36. Qb2 Qa5 37. Kg2 Qe1 38. Nf3 Qd1 39. Ne5 h5 40. Nf3 Bf6 41. Qc2 Bxd4 42. Qxd1 Rxd1 43. Nxd4 Rxd4 44. Rf3 f6 45. Kg3 Kg7 46. Rd3 Rxd3+ 47. Bxd3 e5 48. fxe5 fxe5 49. b4 e4 50. Bf1 g5 51. Be2 Kg6 52. Kf2 d4 53. Bc4 Kf6 54. Be2 Kg6 55. Bc4 Kf5 56. Kg3 d3 57. Kf2 Kf4 58. Ke1 g4 59. hxg4 h4 60. Kf1 Kxg4 61. Kg2 h3+ 62. Kh2 Kf3 63. Kxh3 d2 64. Bb3 e3 65. Bd1+ e2 0-1

[Event "4NCL Online Division 4"]
[Site "online"]
[Date "2021.03.09"]
[EventDate "2021.03.09"]
[Round "4.112"]
[White "Kairat, Alexander"]
[WhiteElo "1657"]
[WhiteTeam "Woking Warriors"]
[Black "Wong, Tristan"]
[BlackElo "1586"]
[BlackTeam "Warwickshire Bears B"]
[Result "0-1"]
[PlyCount "112"]

1. e4 Nc6 2. Nf3 d6 3. d4 Nf6 4. Nc3 g6 5. d5 Nb8 6. h3 Bg7 7. Bd3 O-O 8. O-O c6 9. Bg5 Nbd7 10. dxc6 bxc6 11. Qd2 Nc5 12. Rfe1 Nxd3 13. Qxd3 Rb8 14. Rab1 h6 15. Be3 a5 16. Qd2 Kh7 17. Nd4 c5 18. Nc6 Qc7 19. Nxb8 Qxb8 20. f3 Nd7 21. b3 Ba6 22. Na4 Qc7 23. Nb2 Ne5 24. Bf4 Nc6 25. a3 Na7 26. c4 Bc8 27. Na4 f5 28. Bg3 fxe4 29. Rxe4 Bf5 30. Nxc5 Qxc5+ 31. Kh1 Bxe4 32. fxe4 Be5 33. Bxe5 Qxe5 34. Re1 Nc6 35. Qd5 Qxd5 36. exd5 Ne5 37. c5 Rc8 38. b4 axb4 39. axb4 Rc7 40. Kh2 Nd3 41. cxd6 exd6 42. Re4 Rb7 43. Re6 Rb6 44. b5 Nf4 45. Re7+ Kg8 46. Ra7 Nxd5 47. Ra8+ Kf7 48. Ra7+ Ne7 49. Ra5 d5 50. Kg3 Nf5+ 51. Kf4 Nd6 52. g4 Rxb5 53. Ra7+ Kf6 54. Ra4 Rb3 55. h4 g5+ 56. hxg5+ hxg5# 0-1

[Event "4NCL Online Division 4"]
[Site "online"]
[Date "2021.03.09"]
[EventDate "2021.03.09"]
[Round "4.113"]
[White "Vaidyanathan, Adithya"]
[WhiteElo "1453"]
[WhiteTeam "Warwickshire Bears B"]
[Black "Seet, Joshua"]
[BlackElo "1246"]
[BlackTeam "Woking Warriors"]
[Result "0-1"]
[PlyCount "150"]

1. Nf3 Nf6 2. d4 d5 3. Bf4 c6 4. Nbd2 Bf5 5. c3 e6 6. e3 Be7 7. Nb3 Nbd7 8. Bd3 Bg6 9. O-O O-O 10. a4 Nb6 11. a5 Bxd3 12. Qxd3 Nc4 13. Qc2 Bd6 14. Bxd6 Qxd6 15. Nc5 Qc7 16. b3 Nxa5 17. b4 Nc4 18. Nd2 Nxd2 19. Qxd2 b6 20. Nd3 Ne4 21. Qc2 c5 22. f3 Nf6 23. bxc5 bxc5 24. Nxc5 Nd7 25. Nxd7 Qxd7 26. Rfb1 h6 27. Rb3 Rfc8 28. Rab1 a5 29. Rb7 Qc6 30. R7b3 a4 31. Ra3 Qc4 32. Rba1 g6 33. g4 Kg7 34. Rxa4 Rxa4 35. Rxa4 Qxc3 36. Qxc3 Rxc3 37. Kf2 g5 38. Ra2 Kg6 39. h3 h5 40. Ke2 hxg4 41. hxg4 Rc8 42. Kd3 Rh8 43. e4 Rh3 44. Ke3 dxe4 45. Kxe4 f5+ 46. gxf5+ exf5+ 47. Ke3 g4 48. Rf2 Kg5 49. d5 f4+ 50. Ke2 g3 51. Rg2 Rh2 52. Kf1 Rxg2 53. Kxg2 Kf5 54. d6 Ke6 55. d7 Kxd7 56. Kh3 Kd6 57. Kg2 Kd5 58. Kf1 Kd4 59. Kg2 Ke3 60. Kh1 Kxf3 61. Kg1 Ke2 62. Kg2 f3+ 63. Kxg3 f2 64. Kf4 f1=Q+ 65. Ke5 Qf3 66. Kd4 Qf5 67. Kc4 Qe5 68. Kb4 Qd5 69. Kc3 Qe4 70. Kb2 Qd3 71. Kc1 Qc3+ 72. Kb1 Qd2 73. Ka1 Kd3 74. Kb1 Kc3 75. Ka1 Qb2# 0-1

[Event "4NCL Online Division 4"]
[Site "online"]
[Date "2021.03.09"]
[EventDate "2021.03.09"]
[Round "4.114"]
[White "Wicks, Alexander"]
[WhiteElo "1258"]
[WhiteTeam "Woking Warriors"]
[Black "Miller, Kai"]
[BlackElo "1416"]
[BlackTeam "Warwickshire Bears B"]
[Result "0-1"]
[PlyCount "66"]

1. e4 e5 2. Nf3 Nc6 3. Bb5 a6 4. Bxc6 dxc6 5. O-O Bd6 6. d4 exd4 7. Qxd4 Bg4 8. Qxg7 Bxf3 9. Qxh8 Qh4 10. Qxg8+ Kd7 11. Qxf7+ Kd8 12. Qg8+ Kd7 13. Qg7+ Ke6 14. h3 Be5 15. Nd2 Bxg7 16. Nxf3 Qe7 17. Ng5+ Kd7 18. Rd1+ Kc8 19. Re1 h6 20. Nf3 b6 21. Be3 Bxb2 22. Rab1 Bc3 23. Red1 Kb7 24. Bxh6 Rg8 25. e5 Qh7 26. Bg5 Qf5 27. Bd2 Qxf3 28. g3 Bxe5 29. Kf1 Bxg3 30. Be3 Bh2 31. Ke1 Be5 32. Rd7 Bc3+ 33. Bd2 Rg1# 0-1

[Event "4NCL Online Division 4"]
[Site "online"]
[Date "2021.03.09"]
[EventDate "2021.03.09"]
[Round "4.121"]
[White "Green, Tom D A"]
[WhiteElo "1868"]
[WhiteTeam "Manchester Manticores 2"]
[Black "Barr, Joseph"]
[BlackElo "1495"]
[BlackTeam "Harrow 3"]
[Result "1/2-1/2"]
[PlyCount "199"]

1. e4 c5 2. Nc3 d6 3. f4 Nc6 4. Nf3 Nf6 5. Bc4 e6 6. O-O Nxe4 7. Nxe4 d5 8. Qe2 dxe4 9. Qxe4 Be7 10. d3 O-O 11. Kh1 a6 12. a4 Qc7 13. Bd2 Bf6 14. Ng5 g6 15. Bc3 Bxc3 16. bxc3 b6 17. Rf3 h6 18. Nxe6 fxe6 19. Bxe6+ Kg7 20. Rg3 Rf6 21. f5 Bxe6 22. fxe6 Raf8 23. Kg1 Ne7 24. Re1 Qf4 25. Qxf4 Rxf4 26. Rge3 Rf2 27. R3e2 Rxe2 28. Rxe2 h5 29. d4 cxd4 30. cxd4 Rf5 31. c4 Kf6 32. d5 Re5 33. Rf2+ Nf5 34. h3 h4 35. Rb2 Nd6 36. Rxb6 Nxc4 37. Rxa6 Rxd5 38. e7+ Kxe7 39. Rxg6 Ne3 40. Kf2 Nf5 41. Rg4 Kf6 42. Rb4 Ra5 43. Kf3 Rc5 44. Kg4 Ne3+ 45. Kxh4 Nxg2+ 46. Kg3 Ne3 47. Rb6+ Ke7 48. Rb7+ Kd6 49. Ra7 Rc4 50. Kf3 Nf5 51. a5 Kc6 52. Ra8 Kb7 53. Rf8 Nd6 54. Kg3 Ra4 55. h4 Rxa5 56. Kg4 Kc7 57. Rf1 Kd7 58. h5 Ke7 59. h6 Nf7 60. h7 Ra8 61. Rh1 Kf6 62. Kf4 Rh8 63. Ke4 Ng5+ 64. Kd5 Nxh7 65. Rf1+ Kg5 66. Rg1+ Kf4 67. Rf1+ Kg3 68. Ke5 Re8+ 69. Kd6 Kg2 70. Rf7 Rh8 71. Ke7 Kg3 72. Rg7+ Kh4 73. Kf7 Ng5+ 74. Ke7 Ra8 75. Kd6 Ra5 76. Rd7 Kg4 77. Rg7 Kf4 78. Rd7 Ke4 79. Kc7 Ra6 80. Re7+ Kd5 81. Kb7 Rh6 82. Rg7 Ne4 83. Ka7 Nc5 84. Kb8 Rb6+ 85. Ka7 Rd6 86. Rc7 Ne6 87. Rb7 Nc5 88. Rh7 Ra6+ 89. Kb8 Kc4 90. Rh4+ Kb5 91. Rh5 Rg6 92. Kc7 Kc4 93. Rh4+ Kb5 94. Rh5 Kc4 95. Rh4+ Kd3 96. Rh3+ Ke4 97. Rh4+ Kf3 98. Rh5 Ne4 99. Rb5 Rg7+ 100. Kb6 1/2-1/2

[Event "4NCL Online Division 4"]
[Site "online"]
[Date "2021.03.09"]
[EventDate "2021.03.09"]
[Round "4.122"]
[White "Nettleton, Robin"]
[WhiteElo "1393"]
[WhiteTeam "Harrow 3"]
[Black "Potter, Steven"]
[BlackElo "1833"]
[BlackTeam "Manchester Manticores 2"]
[Result "0-1"]
[PlyCount "124"]

1. d4 e6 2. Bf4 b6 3. e3 Bb7 4. Nf3 c5 5. c3 Nc6 6. Bd3 Nf6 7. O-O Nd5 8. Bg3 Be7 9. Bc2 cxd4 10. exd4 h5 11. h3 h4 12. Bh2 Nf6 13. Re1 Na5 14. Nbd2 Rc8 15. Rc1 Nc4 16. Nxc4 Rxc4 17. Ne5 Rc8 18. Ng4 Nd5 19. Ne3 Bg5 20. Rb1 Bxe3 21. fxe3 Qg5 22. e4 Nf4 23. Bxf4 Qxf4 24. Rf1 Qe3+ 25. Kh1 Bxe4 26. Bxe4 Qxe4 27. Qf3 Qxf3 28. Rxf3 f5 29. b4 g5 30. Rc1 Ke7 31. c4 g4 32. Rf4 g3 33. c5 bxc5 34. dxc5 Kf6 35. Rcc4 Rb8 36. Rxh4 Rxh4 37. Rxh4 a5 38. a3 axb4 39. Rxb4 Ra8 40. Rb3 f4 41. Kg1 Ke5 42. Kf1 Kd4 43. Ke2 Kxc5 44. Kd3 Ra4 45. Rc3+ Kd5 46. h4 e5 47. h5 e4+ 48. Ke2 Ra6 49. Rb3 Rc6 50. Rb2 Rf6 51. Rb5+ Kc4 52. Rb4+ Kd5 53. Rb5+ Kc6 54. Rb3 d5 55. a4 Rh6 56. a5 Rxh5 57. a6 Rh8 58. a7 Ra8 59. Rc3+ Kb6 60. Rb3+ Kxa7 61. Ra3+ Kb7 62. Rb3+ Kc6 0-1

[Event "4NCL Online Division 4"]
[Site "online"]
[Date "2021.03.09"]
[EventDate "2021.03.09"]
[Round "4.123"]
[White "Sheppard, Daniel C"]
[WhiteElo "1869"]
[WhiteTeam "Manchester Manticores 2"]
[Black "Dilukshan, Manoharan"]
[BlackElo "1407"]
[BlackTeam "Harrow 3"]
[Result "1-0"]
[PlyCount "69"]

1. d4 Nf6 2. c4 g6 3. Nc3 Bg7 4. e4 d6 5. Nf3 O-O 6. Be2 Bg4 7. Be3 Bxf3 8. Bxf3 c6 9. O-O Nbd7 10. h3 e5 11. d5 c5 12. Qd2 Nb6 13. Be2 a6 14. Bg5 Nbd7 15. a3 Qc7 16. Rfc1 Ne8 17. Be7 Bf6 18. Bxf8 Nxf8 19. b4 Ng7 20. Qe3 Qd8 21. bxc5 Bg5 22. Qg3 Bxc1 23. Rxc1 Qa5 24. cxd6 Qxa3 25. Rb1 Qxd6 26. Rxb7 Rb8 27. Rxb8 Qxb8 28. c5 Nd7 29. c6 Nb6 30. Bxa6 Qa7 31. Bf1 Ne8 32. Qxe5 Nc7 33. Qe7 Nc8 34. Qd8+ Kg7 35. Qxc8 1-0

[Event "4NCL Online Division 4"]
[Site "online"]
[Date "2021.03.09"]
[EventDate "2021.03.09"]
[Round "4.124"]
[White "Walker, David J R"]
[WhiteElo "1264"]
[WhiteTeam "Harrow 3"]
[Black "Whitehead, Mark A"]
[BlackElo "1798"]
[BlackTeam "Manchester Manticores 2"]
[Result "0-1"]
[PlyCount "58"]

1. d4 Nf6 2. c4 e6 3. Nc3 Bb4 4. Bd2 O-O 5. e4 Bxc3 6. bxc3 Nxe4 7. Nf3 Nxd2 8. Qxd2 d6 9. Bd3 f5 10. O-O Nd7 11. Rfe1 Nf6 12. Ng5 Re8 13. Re2 h6 14. Nf3 Bd7 15. Rae1 c6 16. c5 d5 17. Ne5 Ne4 18. Qc2 Qc7 19. Re3 b6 20. f4 bxc5 21. dxc5 Nxc5 22. Rg3 Ne4 23. Rg6 Re7 24. Qe2 Be8 25. Qh5 Qb6+ 26. Kh1 Nf2+ 27. Kg1 Nh3+ 28. Kh1 Qg1+ 29. Rxg1 Nf2# 0-1

[Event "4NCL Online Division 4"]
[Site "online"]
[Date "2021.03.09"]
[EventDate "2021.03.09"]
[Round "4.131"]
[White "Dasgupta, Avyukt"]
[WhiteElo "1664"]
[WhiteTeam "Watford Juniors A"]
[Black "Richardson, Kevin D"]
[BlackElo "2154"]
[BlackTeam "Farnham A"]
[Result "1-0"]
[PlyCount "75"]

1. d4 Nf6 2. Bf4 g6 3. e3 Bg7 4. Nf3 O-O 5. Be2 d6 6. h3 Nbd7 7. c3 Re8 8. O-O b6 9. Nbd2 Bb7 10. a4 e5 11. Bh2 e4 12. Ne1 a5 13. Nc2 Qe7 14. Na3 Nd5 15. Ndc4 f5 16. Nb5 Kh8 17. Qb3 N7f6 18. Nxc7 Qxc7 19. Nxd6 f4 20. Nxe8 Rxe8 21. exf4 Nxf4 22. Bb5 Rf8 23. Rfe1 N6h5 24. Re3 Qe7 25. Bf1 Qf6 26. Qc2 Qg5 27. Bg3 Nd5 28. Rxe4 Nxg3 29. Rg4 Qf5 30. Bd3 Qf6 31. Rxg3 Nf4 32. Be4 Ba6 33. Re1 Bh6 34. d5 Qd6 35. Rf3 Re8 36. Qd1 Qc5 37. Kh1 Bc4 38. Kh2 1-0

[Event "4NCL Online Division 4"]
[Site "online"]
[Date "2021.03.09"]
[EventDate "2021.03.09"]
[Round "4.132"]
[White "Warren, Alex M"]
[WhiteElo "2000"]
[WhiteTeam "Farnham A"]
[Black "Demjan, Denisz"]
[BlackElo "1286"]
[BlackTeam "Watford Juniors A"]
[Result "1-0"]
[PlyCount "75"]

1. Nf3 Nc6 2. d4 d5 3. g3 e6 4. Bg2 b6 5. c4 Bb7 6. O-O g6 7. cxd5 exd5 8. Nc3 Nce7 9. Bf4 Bg7 10. Nb5 Rc8 11. Nxa7 Ra8 12. Nb5 Rc8 13. Rc1 c6 14. Nd6+ Kf8 15. Nxb7 Qd7 16. Nd6 Rd8 17. Ng5 Nh6 18. Bh3 f5 19. e4 dxe4 20. Ndxe4 Qd5 21. Nc3 Qd7 22. Re1 Kg8 23. Ne6 Ng4 24. Nxd8 Qxd8 25. Bxg4 fxg4 26. Bg5 Bf8 27. Bf6 Qd7 28. Qb3+ Nd5 29. Nxd5 cxd5 30. Qxb6 h5 31. Bxh8 Kxh8 32. Qxg6 Bg7 33. Re8+ Qxe8 34. Qxe8+ Kh7 35. Qxh5+ Bh6 36. Rc6 Kg7 37. Qxh6+ Kf7 38. Qh7+ 1-0

[Event "4NCL Online Division 4"]
[Site "online"]
[Date "2021.03.09"]
[EventDate "2021.03.09"]
[Round "4.133"]
[White "Keerthi Kumar, Advait"]
[WhiteElo "1248"]
[WhiteTeam "Watford Juniors A"]
[Black "Cooper, Malcolm H"]
[BlackElo "1808"]
[BlackTeam "Farnham A"]
[Result "0-1"]
[PlyCount "92"]

1. e4 c5 2. Nf3 Nc6 3. d4 cxd4 4. Nxd4 Nf6 5. Nc3 e5 6. Nf5 d5 7. exd5 Bxf5 8. dxc6 bxc6 9. Bd3 Bxd3 10. cxd3 Bc5 11. O-O O-O 12. Qf3 Qd7 13. Bg5 Nd5 14. Ne4 Be7 15. Rad1 Bxg5 16. Nxg5 Rab8 17. Qe2 Rfe8 18. Ne4 Nf4 19. Qc2 Qd5 20. f3 Qxa2 21. Rb1 Red8 22. Nf2 Rb6 23. Rfe1 f6 24. Rec1 Rdb8 25. Nd1 Qd5 26. Nf2 Qd4 27. Kh1 Rxb2 28. Rxb2 Rxb2 29. Qxc6 Rb8 30. Qc4+ Qxc4 31. dxc4 a5 32. g3 Ne6 33. Ne4 a4 34. Ra1 Ra8 35. Kg2 Kf7 36. Kf2 Nd4 37. Nc3 a3 38. Ra2 Ke6 39. Nb1 Kd6 40. Ke3 Kc5 41. Nd2 Kb4 42. Kd3 Nb3 43. Kc2 Nxd2 44. c5 Nxf3 45. c6 Nd4+ 46. Kb1 Rc8 0-1

[Event "4NCL Online Division 4"]
[Site "online"]
[Date "2021.03.09"]
[EventDate "2021.03.09"]
[Round "4.141"]
[White "Chilton, James I"]
[WhiteElo "1858"]
[WhiteTeam "Wessex Some Stars D"]
[Black "Bell, Alan D"]
[BlackElo "1982"]
[BlackTeam "Grangemouth Gambiteers"]
[Result "0-1"]
[PlyCount "76"]

1. e4 e5 2. Nf3 Nc6 3. Bb5 a6 4. Ba4 Nf6 5. O-O Be7 6. Re1 b5 7. Bb3 Bb7 8. c3 d5 9. exd5 Nxd5 10. Nxe5 Nxe5 11. Rxe5 Nf4 12. Qg4 Ng6 13. Re3 O-O 14. d4 Bg5 15. Re1 Bxc1 16. Rxc1 Qf6 17. Bd1 h5 18. Qxh5 Nf4 19. Qg4 Rae8 20. Nd2 Re1+ 21. Nf1 Bxg2 22. Bf3 Bxf3 23. Qxf3 Ne2+ 24. Kg2 Qxf3+ 25. Kxf3 Rxc1 26. Rxc1 Nxc1 27. Ke3 Re8+ 28. Kd2 Ne2 29. Ne3 Nf4 30. b3 Rd8 31. Nf5 g6 32. Ne7+ Kg7 33. Nc6 Rd6 34. Nb4 c5 35. Nc2 cxd4 36. Nxd4 Ne6 37. Ke3 Nxd4 38. cxd4 f5 0-1

[Event "4NCL Online Division 4"]
[Site "online"]
[Date "2021.03.09"]
[EventDate "2021.03.09"]
[Round "4.142"]
[White "McLay, John W"]
[WhiteElo "1900"]
[WhiteTeam "Grangemouth Gambiteers"]
[Black "Du Toit, Reenen J"]
[BlackElo "1905"]
[BlackTeam "Wessex Some Stars D"]
[Result "1-0"]
[PlyCount "51"]

1. e4 e6 2. d4 d5 3. Nc3 Nf6 4. Bg5 Be7 5. e5 Nfd7 6. h4 a6 7. Qg4 f5 8. Qg3 h6 9. Bxe7 Qxe7 10. O-O-O c5 11. Nf3 c4 12. h5 Kd8 13. Bxc4 dxc4 14. d5 Nb6 15. dxe6+ Kc7 16. Rd6 Nc6 17. Rhd1 Rg8 18. Qg6 Rf8 19. Rd7+ Bxd7 20. Rxd7+ Nxd7 21. Nd5+ Kb8 22. Nxe7 Ndxe5 23. Qxg7 Re8 24. Nxe5 Nxe7 25. Nd7+ Ka7 26. Qd4+ 1-0

[Event "4NCL Online Division 4"]
[Site "online"]
[Date "2021.03.09"]
[EventDate "2021.03.09"]
[Round "4.143"]
[White "Moore, Gillian A"]
[WhiteElo "1779"]
[WhiteTeam "Wessex Some Stars D"]
[Black "Mason, Ian C"]
[BlackElo "1872"]
[BlackTeam "Grangemouth Gambiteers"]
[Result "1/2-1/2"]
[PlyCount "47"]

1. d4 Nf6 2. Nc3 d5 3. Bf4 a6 4. e3 Bf5 5. f3 h6 6. Bd3 Bxd3 7. Qxd3 e6 8. Nge2 c5 9. O-O Nc6 10. Kh1 Be7 11. h3 O-O 12. dxc5 Bxc5 13. Nd4 Nxd4 14. exd4 Bd6 15. Ne2 Bxf4 16. Nxf4 Qc7 17. Qd2 Rac8 18. c3 Rfe8 19. Rfe1 Qd6 20. Re5 Nd7 21. Re2 Nb6 22. Nd3 Nc4 23. Qf4 Qxf4 24. Nxf4 1/2-1/2

[Event "4NCL Online Division 4"]
[Site "online"]
[Date "2021.03.09"]
[EventDate "2021.03.09"]
[Round "4.144"]
[White "Will, Douglas"]
[WhiteElo "1845"]
[WhiteTeam "Grangemouth Gambiteers"]
[Black "Coburn, Joseph A"]
[BlackElo "1777"]
[BlackTeam "Wessex Some Stars D"]
[Result "1-0"]
[PlyCount "115"]

1. e4 d6 2. Nc3 Nf6 3. f4 c6 4. Nf3 Nbd7 5. Be2 e5 6. d3 Be7 7. a4 a5 8. O-O O-O 9. Qe1 Qb6+ 10. Kh1 Ng4 11. Bd1 Re8 12. h3 Ngf6 13. Be3 Qc7 14. fxe5 dxe5 15. Qf2 b6 16. Nh4 Bc5 17. Nf5 Bxe3 18. Qxe3 Nf8 19. Nxg7 Kxg7 20. Qg5+ Ng6 21. Qxf6+ Kg8 22. Bh5 Re6 23. Qg5 Qe7 24. Qxe7 Rxe7 25. Bxg6 hxg6 26. Rf6 Kg7 27. Rxc6 Rb8 28. Nd5 Reb7 29. Rf1 Bd7 30. Rd6 Bxa4 31. b3 Bd7 32. Nxb6 Be6 33. Na4 Rc7 34. Rf2 Rb5 35. Rb6 Bd7 36. Kg1 Rb4 37. Rxb4 axb4 38. Nb6 Be6 39. Kf1 Ra7 40. Ke1 Ra2 41. Kd1 Bxb3 42. Kc1 Be6 43. Rd2 Ra6 44. Nd5 Bxd5 45. exd5 Rd6 46. Kb2 Rxd5 47. Kb3 Rd4 48. Re2 Kf6 49. Re4 Rxe4 50. dxe4 Ke6 51. Kxb4 f5 52. Kc3 f4 53. h4 Kd6 54. Kc4 Kc6 55. c3 Kd6 56. Kb5 Ke6 57. Kc6 Kf6 58. Kd5 1-0

[Event "4NCL Online Division 4"]
[Site "online"]
[Date "2021.03.09"]
[EventDate "2021.03.09"]
[Round "4.151"]
[White "Kruitbosch, Gijs"]
[WhiteElo "1803"]
[WhiteTeam "Wigston 2"]
[Black "Jayawarna, Tarini"]
[BlackElo "1709"]
[BlackTeam "Manchester Juniors B"]
[Result "1/2-1/2"]
[PlyCount "171"]

1. e4 e6 2. d4 d5 3. Nc3 Bb4 4. e5 c5 5. a3 Bxc3+ 6. bxc3 Qa5 7. Bd2 Qa4 8. Nf3 c4 9. Be2 Nc6 10. O-O Bd7 11. Qc1 b6 12. Nh4 f6 13. f4 O-O-O 14. g4 g6 15. Bf3 Be8 16. exf6 Nxf6 17. Re1 Bd7 18. g5 Nh5 19. Bg4 Rde8 20. Qd1 Ng7 21. Be3 Re7 22. Bf2 Be8 23. Bg3 Nf5 24. Re2 h6 25. Qe1 Kd7 26. Nxf5 gxf5 27. Bf3 hxg5 28. fxg5 Bh5 29. Kg2 Rg7 30. h4 Rg6 31. Bxh5 Rxh5 32. Qf2 Nd8 33. Qf4 Qc6 34. Qb8 Qb7 35. Qd6+ Ke8 36. Rae1 Qd7 37. Qe5 Kf8 38. Kf3 Nf7 39. Qb8+ Kg7 40. Be5+ Nxe5+ 41. Qxe5+ Kf7 42. Kg3 Qd8 43. Qf4 b5 44. Re3 a6 45. Rb1 Qf8 46. Rb4 Kg8 47. a4 Qe8 48. axb5 axb5 49. Re1 Rh7 50. Qxf5 Qb8+ 51. Qf4 Qxf4+ 52. Kxf4 Rxh4+ 53. Kg3 Rh5 54. Re5 Rgxg5+ 55. Rxg5+ Rxg5+ 56. Kf3 Rh5 57. Ke3 Rh3+ 58. Kd2 Rh2+ 59. Kc1 Rh3 60. Kb2 Kf7 61. Rxb5 Kf6 62. Rb6 Kf5 63. Rd6 Re3 64. Rd8 Re4 65. Rf8+ Kg4 66. Re8 Kf3 67. Rh8 Ke2 68. Rh2+ Kd1 69. Rh1+ Re1 70. Rh2 Re2 71. Rh1+ Kd2 72. Rg1 Re3 73. Rg2+ Ke1 74. Rh2 Kf1 75. Rh5 Kg2 76. Rg5+ Kf3 77. Rh5 Kg4 78. Rh8 Kf5 79. Rd8 Kf6 80. Rd6 Ke7 81. Ra6 Kf6 82. Rb6 Kf5 83. Rd6 Re2 84. Rd8 Kf6 85. Rd7 Rg2 86. Rc7 1/2-1/2

[Event "4NCL Online Division 4"]
[Site "online"]
[Date "2021.03.09"]
[EventDate "2021.03.09"]
[Round "4.152"]
[White "Benhamida, Aisha"]
[WhiteElo "1648"]
[WhiteTeam "Manchester Juniors B"]
[Black "Corlett, Les"]
[BlackElo "1675"]
[BlackTeam "Wigston 2"]
[Result "1-0"]
[PlyCount "167"]

1. e4 b6 2. d4 Bb7 3. Bd3 e6 4. Nf3 d6 5. c4 Nd7 6. O-O g6 7. Nc3 Bg7 8. Be3 Ne7 9. Qd2 O-O 10. Bh6 a6 11. b4 c6 12. Rac1 Rc8 13. a3 d5 14. cxd5 cxd5 15. e5 b5 16. Rc2 Nb6 17. Bxg7 Kxg7 18. Qc1 Qd7 19. Re1 Rc7 20. h4 h5 21. Nd2 Rg8 22. Nb3 Nc6 23. Qf4 Qe7 24. Nc5 Bc8 25. Ra2 Rf8 26. Re3 f5 27. Rg3 Qf7 28. Be2 Kh7 29. Kh1 Rh8 30. Bf3 Kg7 31. Ne2 Kf8 32. Ng1 Ke8 33. Nh3 Nc4 34. Ng5 Qg8 35. Bd1 Ke7 36. Nf3 Kf7 37. Qg5 Qg7 38. Qc1 Ke7 39. Qf4 Rg8 40. Ng5 Rh8 41. Rb3 Rg8 42. a4 Re8 43. axb5 axb5 44. Rb1 Kf8 45. Ra8 Kg8 46. Be2 Qe7 47. Raa1 Ra7 48. Rxa7 Qxa7 49. Nf3 Re7 50. Qh6 Rg7 51. Qg5 Qe7 52. Qf4 Qa7 53. Ng5 Qe7 54. Qc1 Nxd4 55. Bxc4 dxc4 56. Qc3 Nc6 57. Rd1 Nd8 58. Rd6 Nf7 59. Nxf7 Kxf7 60. Qd4 Rg8 61. g3 Re8 62. Qd2 Kg7 63. Kg2 Qa7 64. Qg5 Qa8+ 65. Kh2 Qa7 66. Qf6+ Kh7 67. Kh3 Qe7 68. Qxe7+ Rxe7 69. Rb6 c3 70. Rxb5 Rc7 71. Ra5 c2 72. Ra1 Rc6 73. Rc1 Rb6 74. Rxc2 Rxb4 75. Nd3 Rb8 76. Rc6 Rb7 77. Rxc8 Re7 78. Rc6 Kg7 79. Nf4 Kf7 80. Rd6 Re8 81. Rd7+ Re7 82. Rxe7+ Kxe7 83. Nxg6+ Kf7 84. Nf4 1-0

[Event "4NCL Online Division 4"]
[Site "online"]
[Date "2021.03.09"]
[EventDate "2021.03.09"]
[Round "4.153"]
[White "Pike, Andrew"]
[WhiteElo "1640"]
[WhiteTeam "Wigston 2"]
[Black "Jayawarna, Thisumi"]
[BlackElo "1626"]
[BlackTeam "Manchester Juniors B"]
[Result "1-0"]
[PlyCount "141"]

1. c4 Nf6 2. d4 c5 3. e3 e6 4. a3 g6 5. Nf3 cxd4 6. exd4 Bg7 7. Nc3 O-O 8. Be2 d5 9. c5 Nc6 10. O-O Bd7 11. Bd3 a6 12. Re1 Qc7 13. h3 Rfe8 14. Be3 e5 15. dxe5 Nxe5 16. Bd4 Nxf3+ 17. Qxf3 Bc6 18. Bxf6 d4 19. Ne4 Bxe4 20. Bxe4 Qxc5 21. Bxg7 Kxg7 22. Bd5 Rf8 23. Rac1 Qd6 24. Qe4 Rad8 25. Bc4 Kg8 26. Bd3 Qb6 27. b4 Qf6 28. Qxb7 Ra8 29. Qe7 Qf4 30. Qe5 Qd2 31. Red1 Qb2 32. Rc2 Qxa3 33. Qxd4 Rfd8 34. Qc3 Qa4 35. Rcd2 Rac8 36. Qa1 Qxa1 37. Rxa1 Rc3 38. Rad1 Rb3 39. Bxa6 Rxd2 40. Rxd2 Rxb4 41. Rd7 Kg7 42. Rc7 Rb6 43. Bc4 Rf6 44. f3 g5 45. Kf2 Kg6 46. Bd3+ Kg7 47. Kg3 h5 48. Be4 Rf4 49. Rc5 h4+ 50. Kf2 Kf6 51. Ra5 Kg7 52. Rxg5+ Kf6 53. Rg4 Rxg4 54. hxg4 Kg5 55. Ke3 f6 56. Bf5 Kh6 57. Ke4 Kg5 58. f4+ Kh6 59. Kf3 Kg7 60. Kf2 Kh6 61. Kg1 Kg7 62. Kh2 Kh6 63. Kh3 Kg7 64. Kxh4 Kh6 65. g3 Kg7 66. Kh5 Kf7 67. Kh6 Kf8 68. Kg6 Kg8 69. Kxf6 Kf8 70. Bh7 Ke8 71. g5 1-0

[Event "4NCL Online Division 4"]
[Site "online"]
[Date "2021.03.09"]
[EventDate "2021.03.09"]
[Round "4.154"]
[White "Correa, Rebecca"]
[WhiteElo "1463"]
[WhiteTeam "Manchester Juniors B"]
[Black "Milligan, Alex"]
[BlackElo "1497"]
[BlackTeam "Wigston 2"]
[Result "1/2-1/2"]
[PlyCount "49"]

1. d4 Nf6 2. Nf3 g6 3. Bf4 Bg7 4. h3 d6 5. e3 O-O 6. Be2 Nbd7 7. O-O Qe8 8. c4 e5 9. dxe5 dxe5 10. Bh2 Qe7 11. Nc3 c6 12. Qc2 Ne8 13. Rad1 f5 14. a3 a5 15. Rfe1 Nc7 16. Qb3 Nc5 17. Qc2 N7a6 18. Na4 Nxa4 19. Qxa4 Nc5 20. Qc2 a4 21. Rf1 Nb3 22. Nd2 Nc5 23. Nf3 Nb3 24. Nd2 Nc5 25. Nf3 1/2-1/2

[Event "4NCL Online Division 4"]
[Site "online"]
[Date "2021.03.09"]
[EventDate "2021.03.09"]
[Round "4.161"]
[White "Stoker, Andrew J"]
[WhiteElo "2019"]
[WhiteTeam "Manchester Manticores 1"]
[Black "Harris, Michael T"]
[BlackElo "2052"]
[BlackTeam "Bristol Cabot Blackbeards"]
[Result "1/2-1/2"]
[PlyCount "69"]

1. e4 e5 2. Nf3 f5 3. Nxe5 Nc6 4. Nxc6 dxc6 5. Nc3 Bc5 6. d3 Be6 7. Qe2 Kd7 8. Be3 Bb4 9. Bd2 Nf6 10. O-O-O Kc8 11. Kb1 Re8 12. f3 Qd7 13. g3 a5 14. Qf2 Kb8 15. Bg2 Qf7 16. a3 Ra6 17. Rhe1 Rf8 18. Na4 Bxd2 19. Qxd2 Nd7 20. d4 fxe4 21. Rxe4 Bf5 22. Re3 Rd8 23. Qe2 Nf6 24. g4 Bg6 25. Re7 Re8 26. Rxf7 Rxe2 27. Rf8+ Ka7 28. Bf1 Bxc2+ 29. Kc1 Bxd1 30. Kxd1 Rxh2 31. Bxa6 Kxa6 32. Rf7 h5 33. Rxg7 hxg4 34. fxg4 Rg2 35. Rxc7 1/2-1/2

[Event "4NCL Online Division 4"]
[Site "online"]
[Date "2021.03.09"]
[EventDate "2021.03.09"]
[Round "4.162"]
[White "Rossiter, Alex"]
[WhiteElo "1963"]
[WhiteTeam "Bristol Cabot Blackbeards"]
[Black "Reed, John"]
[BlackElo "1885"]
[BlackTeam "Manchester Manticores 1"]
[Result "1-0"]
[PlyCount "65"]

1. e4 e5 2. Nf3 Nc6 3. d4 exd4 4. Bc4 Nf6 5. e5 d5 6. Bb5 Ne4 7. Nxd4 Bc5 8. Be3 O-O 9. Nxc6 bxc6 10. Bxc5 Nxc5 11. Bxc6 Rb8 12. Qxd5 Qe7 13. O-O Rxb2 14. Nc3 Rxc2 15. Rac1 Rxc1 16. Rxc1 Rd8 17. Qc4 Qxe5 18. Nd5 Ne6 19. Ne7+ Kh8 20. Nxc8 Rxc8 21. Bd7 Rd8 22. Bxe6 fxe6 23. g3 Qh5 24. Qxe6 Rd1+ 25. Kg2 h6 26. Rxc7 Rd8 27. Rxa7 Re8 28. Qc6 Re2 29. Qf3 Qe5 30. a4 Rd2 31. a5 h5 32. a6 h4 33. Rb7 1-0

[Event "4NCL Online Division 4"]
[Site "online"]
[Date "2021.03.09"]
[EventDate "2021.03.09"]
[Round "4.163"]
[White "Kobryn, Peter J"]
[WhiteElo "1946"]
[WhiteTeam "Manchester Manticores 1"]
[Black "Marston, Alastair"]
[BlackElo "1766"]
[BlackTeam "Bristol Cabot Blackbeards"]
[Result "0-1"]
[PlyCount "38"]

1. d4 d5 2. c4 c6 3. Nc3 Nf6 4. Nf3 dxc4 5. a4 Bf5 6. e3 e6 7. Bxc4 Bb4 8. O-O O-O 9. Qb3 Qe7 10. a5 c5 11. dxc5 Qxc5 12. Nb5 Nc6 13. Bd2 Bxd2 14. Nxd2 a6 15. Nd4 Nxa5 16. Qa2 Nxc4 17. Nxc4 Bd3 18. Rfc1 Rac8 19. Nb3 Bxc4 0-1